[Event "Challenge"]
[Site "http://www.queenalice.com/game.php?id=886119"]
[Date "2011.1.14"]
[Round "-"]
[White "sunking"]
[Black "User0815"]
[Result "0-1"]
[WhiteElo "1698"]
[BlackElo "1656"]

1. d4 d5 2. Nc3 c6 3. e3 e6 4. Qf3 Qa5 5. Bd2 Qb4 6. b3 Qd6 7. Qf4 Qxf4 8. exf4
Bb4 9. Na4 Bxd2+ 10. Kxd2 Nd7 11. Nc5 Nxc5 12. dxc5 f5 13. Nf3 Nh6 14. Bd3 Ng4
15. Rhe1 Nxf2 16. Be2 Ne4+ 17. Kd1 Nc3+ 18. Kd2 Ne4+ 19. Kd3 Nxc5+ 20. Kc3 b5
21. Ng5 Ne4+ 22. Kd3 Nxg5 23. Bh5+ g6 24. Bf3 a5 25. fxg5 Kf7 26. h4 h5 27. Rad1
b4 28. Re2 Ba6+ 29. c4 Rhd8 30. Red2 e5 31. Be2 e4+ 32. Kc2 Rac8 33. c5 Bb7 34.
g3 Rb8 35. Rg1 Bc8 36. a4 e3 37. Rd3 d4 38. Rgd1 Ba6 39. Re1 Bxd3+ 40. Bxd3 Rb7
41. Ba6 Rbd7 42. Kd3 Rd5 43. Bc4 Rd7 44. Bxd5+ Rxd5 45. Rc1 Ke6 46. Rc2 Ke5 47.
Rc1 Rd7 48. Rc4 Rd8 49. Rc2 Re8 50. Rc4 Rd8 51. Rc2 Rd5 52. Rc1 f4 53. gxf4+
Kxf4 54. Rc4 Kg4 55. Rxd4+ Rxd4+ 56. Kxd4 e2 57. Kd3 e1=Q 58. Kc4 Qc3# 0-1

[Event "SENTA A PUA V"]
[Site "http://www.queenalice.com/game.php?id=886416"]
[Date "2011.1.15"]
[Round "-"]
[White "rogeriooliveira"]
[Black "User0815"]
[Result "0-1"]
[WhiteElo "1325"]
[BlackElo "1656"]

1. e4 e6 2. d4 Bb4+ 3. c3 Be7 4. e5 Bh4 5. g3 Bg5 6. Bxg5 Qxg5 7. Nf3 Qg4 8. h3
Qe4+ 9. Qe2 Qf5 10. g4 Qg6 11. h4 Qxg4 12. Bh3 Qg6 13. Na3 d5 14. Qb5+ c6 15.
Qf1 Qe4+ 16. Qe2 Qxe2+ 17. Kxe2 Ne7 18. Rag1 O-O 19. Rg2 Nd7 20. Rhg1 Ng6 21.
Ng5 Nf4+ 22. Kf3 Nxg2 23. Kxg2 c5 24. dxc5 Nxe5 25. f3 h6 26. Nxf7 Rxf7 27. Rf1
Ng6 28. Rg1 Nxh4+ 29. Kg3 Nxf3 30. Rf1 Ng5 31. Rg1 Rf3+ 32. Kg4 Rxh3 33. Nc2 e5#
0-1

[Event "Challenge"]
[Site "http://www.queenalice.com/game.php?id=886686"]
[Date "2011.1.15"]
[Round "-"]
[White "User0815"]
[Black "jamba"]
[Result "1-0"]
[WhiteElo "1526"]
[BlackElo "1481"]

1. e3 c5 2. Bc4 Nf6 3. Qf3 Qb6 4. b3 d6 5. a4 Nc6 6. Bb5 Bd7 7. Ba3 Qa5 8. c4
O-O-O 9. Nc3 Nb4 10. Bxb4 cxb4 11. Nd5 a6 12. Nxf6 axb5 13. Nxd7 Rxd7 14. cxb5
f6 15. Rc1+ Kb8 16. Qg4 Rd8 17. Nf3 g6 18. Nd4 Bg7 19. Qd1 e5 20. Ne6 Rd7 21.
Qf3 Rc8 22. Rxc8+ Kxc8 23. Ke2 Bh6 24. Qxf6 Qb6 25. Qh8+ Rd8 26. Rc1+ Kd7 27.
Nxd8 Qxd8 28. Qxh7+ Qe7 29. Qxh6 Qf6 30. Qh3+ Ke7 31. Rc7+ Kf8 32. Qc8+ Qd8 33.
Qxd8# 1-0

[Event "Challenge"]
[Site "http://www.queenalice.com/game.php?id=886813"]
[Date "2011.1.16"]
[Round "-"]
[White "User0815"]
[Black "Juan72"]
[Result "1-0"]
[WhiteElo "1603"]
[BlackElo "1572"]

1. e3 e5 2. e4 Nf6 3. Nc3 Bb4 4. Qf3 Nc6 5. Bc4 d6 6. Nd5 Bg4 7. Nxf6+ Qxf6 8.
Qxg4 Nd4 9. Kd1 O-O 10. c3 Qxf2 11. Qg3 Qf1+ 12. Bxf1 1-0

[Event "Challenge"]
[Site "http://www.queenalice.com/game.php?id=887083"]
[Date "2011.1.16"]
[Round "-"]
[White "TIMM"]
[Black "User0815"]
[Result "0-1"]
[WhiteElo "1699"]
[BlackElo "1611"]

1. e4 Nf6 2. d3 e5 3. Nf3 d6 4. d4 Nxe4 5. Qe2 Bf5 6. dxe5 Qe7 7. Bf4 Nd7 8.
exd6 cxd6 9. Nc3 Nb6 10. O-O-O Rd8 11. Nb5 Nc8 12. h3 a6 13. Nbd4 d5 14. Nxf5
Qe6 15. N5d4 Qf6 16. g3 Nd6 17. b3 Be7 18. c4 Nc3 19. Qe5 Nxd1 20. Qxf6 Bxf6 21.
Kxd1 Ne4 22. Be5 Nxf2+ 23. Ke1 Nxh1 24. Bg2 Nxg3 25. Bxg3 dxc4 26. bxc4 Bxd4 27.
Nxd4 Rxd4 28. Bxb7 a5 29. c5 Kd8 30. c6 Re8+ 31. Kf2 Rd2+ 32. Kf3 Rd3+ 33. Kf2
Rd2+ 34. Kf3 Rxa2 35. c7+ Kd7 36. Bd5 Ra3+ 37. Kf2 f5 38. Bf7 Ree3 39. Be6+ Rxe6
40. h4 Ree3 41. Bf4 Rf3+ 42. Ke2 Rxf4 43. c8=Q+ Kxc8 44. h5 g5 45. h6 g4 46. Kd2
Rf2+ 47. Ke1 Rh2 48. Kf1 Ra1# 0-1

[Event "Challenge"]
[Site "http://www.queenalice.com/game.php?id=887150"]
[Date "2011.1.16"]
[Round "-"]
[White "Petrucio"]
[Black "User0815"]
[Result "0-1"]
[WhiteElo "1384"]
[BlackElo "1586"]

1. e4 e5 2. Qh5 d6 3. Nf3 Nf6 4. d3 Nxh5 5. Ng5 Nf4 6. h4 h6 7. d4 hxg5 8. g3
Ng6 9. h5 Bg4 10. Bg2 c6 11. hxg6 Rxh1+ 12. Bxh1 f6 13. d5 cxd5 14. exd5 Qa5+
15. Bd2 Qb5 16. a4 Qe2# 0-1

[Event "a new guy in town"]
[Site "http://www.queenalice.com/game.php?id=888190"]
[Date "2011.1.19"]
[Round "-"]
[White "User0815"]
[Black "mz11"]
[Result "1-0"]
[WhiteElo "1631"]
[BlackElo "1503"]

1. e3 e5 2. e4 Nf6 3. d3 Bb4+ 4. c3 Bc5 5. Bg5 O-O 6. Qf3 Be7 7. Nh3 d6 8. Nd2
Bg4 9. Qe3 Nc6 10. f3 Be6 11. Bxf6 Bxf6 12. g4 Bg5 13. Nxg5 h6 14. Nh3 d5 15.
Rg1 d4 16. cxd4 exd4 17. Qf4 Qh4+ 18. Ke2 Qe7 19. g5 h5 20. Nc4 b5 21. Na3 g6
22. Rc1 Nb4 23. Rxc7 Qd8 24. Nxb5 Na6 25. Rc1 Bxa2 26. Bg2 Be6 27. Qe5 Nb4 28.
Qxd4 Qxd4 29. Nxd4 Rad8 30. Nxe6 fxe6 31. Rgd1 e5 32. Rc4 Na2 33. Ra1 Nb4 34.
Rxb4 Rc8 35. Kd1 Rf7 36. Nf2 Rfc7 37. Rc4 Rxc4 38. dxc4 Rxc4 39. Nd3 Rd4 40. Ke2
Kf7 41. Nxe5+ Ke6 42. Nxg6 Rb4 43. Nf4+ 1-0

[Event "Challenge"]
[Site "http://www.queenalice.com/game.php?id=888340"]
[Date "2011.1.19"]
[Round "-"]
[White "Petrucio"]
[Black "User0815"]
[Result "0-1"]
[WhiteElo "1383"]
[BlackElo "1596"]

1. g3 d6 2. e4 e5 3. Qh5 Nf6 4. Qe2 Bg4 5. h3 Bxe2 6. Bxe2 Nxe4 7. Bf3 d5 8. d3
Ng5 9. h4 Ne6 10. Bh5 Nc5 11. Bg5 Be7 12. Nf3 g6 13. Bg4 f5 14. Bh3 e4 15. Bh6
exf3 16. Bg7 Rg8 17. Be5 Bd6 18. Bd4 Qe7+ 19. Be3 d4 20. Kd2 dxe3+ 21. fxe3 Bxg3
22. d4 Ne4+ 23. Kd3 Nf2+ 24. Kd2 Nxh1 25. c4 Qb4+ 26. Kc2 Qxc4+ 27. Nc3 Nf2 28.
b3 Qd3+ 29. Kb2 Qd2+ 30. Ka3 Qxc3 31. Bf1 Bd6+ 32. Ka4 Qb4# 0-1

[Event "FLYORDIE VI"]
[Site "http://www.queenalice.com/game.php?id=888787"]
[Date "2011.1.20"]
[Round "-"]
[White "rogeriooliveira"]
[Black "User0815"]
[Result "0-1"]
[WhiteElo "1363"]
[BlackElo "1663"]

1. e4 e5 2. d4 d6 3. d5 Be7 4. Nc3 a5 5. Nf3 Nf6 6. Bg5 O-O 7. Bxf6 Bxf6 8. Bb5
c6 9. Be2 Qb6 10. O-O Qxb2 11. Na4 Qb4 12. c3 Qxe4 13. Nb2 Qxd5 14. Qxd5 cxd5
15. Rfd1 e4 16. Ne1 Bxc3 17. Rdb1 d4 18. Bd1 Bxe1 19. Be2 Bc3 20. Bc4 a4 21. a3
Ra5 22. Ra2 Rc5 23. Kf1 Bxb2 24. Raxb2 Rxc4 25. Ke2 d3+ 26. Kd2 d5 27. f3 Nd7
28. fxe4 dxe4 29. Ke3 Nf6 30. Rg1 Ng4+ 31. Kd2 Nxh2 32. Rh1 Ng4 33. Re1 Re8 34.
Rbb1 Rc2+ 35. Kd1 Nf2# 0-1

[Event "Challenge"]
[Site "http://www.queenalice.com/game.php?id=888865"]
[Date "2011.1.20"]
[Round "-"]
[White "thiagobrumchess"]
[Black "User0815"]
[Result "1-0"]
[WhiteElo "1786"]
[BlackElo "1620"]

1. e4 e5 2. Nf3 d6 3. Bc4 Bg4 4. O-O Qf6 5. Be2 Nh6 6. h3 Bxh3 7. gxh3 Qg6+ 8.
Kh2 Qxe4 9. d3 Qd5 10. Nc3 Qe6 11. Bxh6 gxh6 12. d4 e4 13. Re1 d5 14. Nb5 Kd8
15. Ne5 Bd6 16. Bg4 Bxe5+ 17. dxe5 Qxe5+ 18. Kh1 a6 19. Nc3 c6 20. Nxe4 f5 21.
Nc5 Qxb2 22. Bxf5 Qf6 23. Nxb7+ Kc7 24. Be6 Kxb7 25. Bxd5 Rd8 26. Rb1+ Kc7 27.
Qf3 Rd6 28. Qxf6 Rxf6 29. Be4 Rxf2 30. Bxh7 Rxc2 31. Bxc2 Nd7 32. Ba4 c5 33. Re7
Rd8 34. Rd1 Kb6 35. Rexd7 Rf8 36. Rb1+ Ka5 37. Ra7 Rf6 38. Bc2 Rb6 39. Rxb6 Kxb6
40. Rh7 c4 41. Rxh6+ Ka5 42. h4 Kb5 43. a3 a5 44. h5 Kc5 45. Rg6 Kd4 46. Rg3 Ke5
47. h6 Kf4 48. Rc3 Kg5 49. h7 Kf6 50. h8=Q+ Ke6 51. Rxc4 Kd5 52. Qd4+ Ke6 53.
Bf5+ Kxf5 54. Rc5+ Ke6 55. Qd5+ Ke7 56. Rc6 a4 57. Re6+ Kf7 58. Qd7+ Kf8 59.
Re8# 1-0

[Event "Challenge"]
[Site "http://www.queenalice.com/game.php?id=889689"]
[Date "2011.1.22"]
[Round "-"]
[White "User0815"]
[Black "josemsm"]
[Result "0-1"]
[WhiteElo "1632"]
[BlackElo "1513"]

1. e4 e5 2. Nf3 d6 3. Ng1 Nf6 4. d3 c5 5. c4 Be7 6. g4 Nxg4 7. Qf3 Bh4 8. Be3
Nc6 9. Bh3 Nxe3 10. Qxe3 Nd4 11. Qd2 Bxh3 12. Na3 Bg2 13. Nc2 Nxc2+ 14. Qxc2
Bxh1 15. O-O-O O-O 16. Nh3 Bf3 17. Re1 Qd7 18. Ng1 Bxf2 19. Nxf3 Bxe1 20. Nxe1
Qh3 21. b3 Qf1 22. Qd2 f5 23. Kb2 fxe4 24. dxe4 Rf2 25. Nf3 Rxd2+ 26. Nxd2 Qf2
27. Kc3 Qe3+ 28. Kc2 Rf8 29. Kd1 Qd3 30. Ke1 Qe3+ 31. Kd1 Qg1+ 32. Kc2 Rf2 33.
h4 Qg2 34. Kc3 Rxd2 35. b4 Qe2 36. bxc5 dxc5 37. Kb3 Qd3+ 38. Ka4 Qxc4+ 39. Ka3
Rxa2# 0-1

[Event "Challenge"]
[Site "http://www.queenalice.com/game.php?id=889880"]
[Date "2011.1.23"]
[Round "-"]
[White "Petrucio"]
[Black "User0815"]
[Result "1-0"]
[WhiteElo "1371"]
[BlackElo "1605"]

1. c4 e6 2. d3 Bb4+ 3. Bd2 Bc5 4. Be3 Bd6 5. Bd4 Nc6 6. Bxg7 Be5 7. Bxh8 Bxh8 8.
Nc3 Qh4 9. g3 Qe7 10. Nb5 Kd8 11. Qd2 a6 12. Nc3 Bd4 13. Qf4 e5 14. Qf3 Qb4 15.
Qxf7 Bxc3+ 16. Kd1 Nce7 17. Qf8# 1-0

[Event "Challenge"]
[Site "http://www.queenalice.com/game.php?id=889920"]
[Date "2011.1.23"]
[Round "-"]
[White "Petrucio"]
[Black "User0815"]
[Result "0-1"]
[WhiteElo "1383"]
[BlackElo "1619"]

1. g3 e6 2. Bh3 Qf6 3. c3 Bc5 4. Nf3 Qh6 5. b4 Bb6 6. d4 Qxh3 7. Ne5 Nf6 8. a4
c6 9. Nd3 Qg2 10. Kd2 Ne4+ 11. Ke3 e5 12. f3 Ng5 13. Qg1 Qh3 14. Nf2 Qh6 15. h4
Ne6+ 16. f4 exf4+ 17. gxf4 Qxf4+ 18. Kd3 Bxd4 19. Bxf4 c5 20. cxd4 Nxf4+ 21. Ke3
Nd5+ 22. Ke4 Nxb4 23. dxc5 d5+ 24. Ke5 N8c6+ 25. Kd6 Be6 26. Qxg7 Rd8+ 27. Kc7
Rc8+ 28. Kxb7 Rb8+ 29. Kc7 Rf8 30. Nd3 Ke7 31. Qc3 Rfc8# 0-1

[Event "Challenge"]
[Site "http://www.queenalice.com/game.php?id=890385"]
[Date "2011.1.24"]
[Round "-"]
[White "Petrucio"]
[Black "User0815"]
[Result "0-1"]
[WhiteElo "1405"]
[BlackElo "1611"]

1. d4 d5 2. f3 e6 3. e3 c6 4. e4 Bb4+ 5. Bd2 Qb6 6. c3 Ba5 7. b4 Nf6 8. a4 Bxb4
9. cxb4 Qxd4 10. Nc3 Qxb4 11. Rb1 Qd6 12. h4 dxe4 13. fxe4 Qg3+ 14. Ke2 e5 15.
Nf3 b6 16. h5 Ba6+ 17. Ke3 Qf4+ 18. Kf2 Qg4 19. Bg5 Qd7 20. Qb3 h6 21. Bh4 g5
22. Bg3 Ng4+ 23. Kg1 Qe7 24. Rd1 Qc5+ 25. Bf2 Qxf2# 0-1

[Event "KASINSK IV"]
[Site "http://www.queenalice.com/game.php?id=891235"]
[Date "2011.1.25"]
[Round "-"]
[White "perucona"]
[Black "User0815"]
[Result "0-1"]
[WhiteElo "1553"]
[BlackElo "1587"]

1. e4 e5 2. d4 f6 3. d5 d6 4. Nf3 Bg4 5. h3 Bh5 6. Bb5+ Ke7 7. O-O a6 8. Bd3 Ke8
9. Nc3 b5 10. g4 Bf7 11. b4 g5 12. Kh2 c6 13. dxc6 Nxc6 14. Be3 Nxb4 15. Nd5
Bxd5 16. exd5 Nxd5 17. Be2 Nxe3 18. fxe3 d5 19. Bd3 e4 20. Be2 exf3 21. Bxf3
Bd6+ 22. Kg2 Qb6 23. e4 Qe3 24. Re1 Qf4 25. Rf1 Qg3+ 26. Kh1 Qh2# 0-1

[Event "Challenge"]
[Site "http://www.queenalice.com/game.php?id=893156"]
[Date "2011.1.30"]
[Round "-"]
[White "User0815"]
[Black "spin"]
[Result "1-0"]
[WhiteElo "1652"]
[BlackElo "1581"]

1. e3 d5 2. d4 Nf6 3. Bb5+ c6 4. Ba4 Qa5+ 5. c3 Bg4 6. Nf3 b5 7. Bc2 b4 8. cxb4
Qxb4+ 9. Qd2 Qb5 10. Bd3 Qb7 11. h3 Bxf3 12. gxf3 e6 13. Nc3 a5 14. e4 dxe4 15.
fxe4 c5 16. d5 exd5 17. exd5 Bd6 18. Bb5+ Kd8 19. Qg5 Qe7+ 20. Be3 g6 21. O-O h6
22. Qg2 Qe5 23. Rfe1 Qf5 24. Rad1 g5 25. Bd3 Qd7 26. Qf3 Be7 27. d6 g4 28. dxe7+
Ke8 29. Qxf6 Rh7 30. Bb5 Qxb5 31. Nxb5 Ra7 32. Rd8# 1-0

[Event "Challenge"]
[Site "http://www.queenalice.com/game.php?id=893171"]
[Date "2011.1.30"]
[Round "-"]
[White "Petrucio"]
[Black "User0815"]
[Result "0-1"]
[WhiteElo "1420"]
[BlackElo "1626"]

1. g3 e6 2. Bg2 Qf6 3. f4 Bc5 4. Nh3 Bd4 5. c3 Bc5 6. Ng5 h6 7. Ne4 Qe7 8. b4
Bb6 9. Na3 c6 10. Nc4 Bc7 11. Rf1 d5 12. Ne5 dxe4 13. Bxe4 Nf6 14. d3 Nbd7 15.
g4 Nxe5 16. fxe5 Nd7 17. Rg1 Bxe5 18. d4 Bf6 19. Kd2 Bh4 20. a4 Bf2 21. Rg2 Qg5+
22. Kd3 Qh4 23. Qf1 Bxd4 24. Kxd4 e5+ 25. Kd3 Nf6 26. Qf5 Bxf5 27. Bxf5 Qh3+ 28.
e3 Qxg2 29. h4 Rd8+ 30. Kc4 Qd5# 0-1

[Event "Challenge"]
[Site "http://www.queenalice.com/game.php?id=893254"]
[Date "2011.1.30"]
[Round "-"]
[White "User0815"]
[Black "josemsm"]
[Result "0-1"]
[WhiteElo "1665"]
[BlackElo "1613"]

1. e3 e5 2. d4 e4 3. Nh3 h6 4. Nf4 c6 5. Qd2 d5 6. Nc3 Bb4 7. a3 Bxc3 8. Qxc3
Nf6 9. g3 Bg4 10. b4 Bf3 11. Bg2 Bxg2 12. Nxg2 O-O 13. h3 Nbd7 14. g4 Nh7 15. f4
exf3 16. Nf4 Ng5 17. h4 Ne4 18. Qd3 f2+ 19. Kf1 Ng3+ 20. Kg2 Nxh1 21. Kxh1 Qxh4+
22. Kg2 Qxg4+ 23. Kxf2 Nf6 24. Bb2 Ne4+ 25. Ke1 Qg3+ 26. Ke2 Qf2+ 27. Kd1 Qh4
28. Qf1 Ng3 29. Qh3 Qxh3 30. Nxh3 Nf5 31. Kd2 Rae8 32. Re1 g5 33. c3 Re4 34. Nf2
Rh4 35. a4 Rh2 36. Ke2 g4 37. Kf1 g3 38. Re2 gxf2 39. Rxf2 Rxf2+ 40. Kxf2 Re8
41. Bc1 Kh7 42. Kf3 Nd6 43. a5 Kg6 44. Kf2 Ne4+ 45. Ke2 Nxc3+ 46. Kd3 Nd1 47.
Ke2 Nc3+ 48. Kd3 Ne4 49. Bd2 h5 50. Be1 a6 51. Bh4 Kf5 52. Be1 Nd6 53. Bg3 Nc4
54. Bf2 Kg4 55. Ke2 h4 56. Kd3 h3 57. Bg1 Kf3 58. Kc3 Kg2 59. e4 Kxg1 60. exd5
cxd5 61. b5 axb5 62. Kb4 h2 63. Kc5 h1=Q 64. Kxb5 Kf2 65. Kc5 Rc8+ 66. Kb4 Nd2
67. Kb5 Qb1+ 68. Ka4 Qb3# 0-1

[Event "Challenge"]
[Site "http://www.queenalice.com/game.php?id=893815"]
[Date "2011.1.31"]
[Round "-"]
[White "sunking"]
[Black "User0815"]
[Result "1-0"]
[WhiteElo "1580"]
[BlackElo "1676"]

1. d4 d5 2. Nc3 Nf6 3. Nf3 Na6 4. e3 e6 5. Bb5+ c6 6. Ba4 Qa5 7. Bd2 Qb4 8. b3
Bd7 9. Ne5 Qd6 10. O-O Qc7 11. Qf3 b5 12. Bxb5 cxb5 13. a4 b4 14. Nb5 Qxc2 15.
Qe2 Bc8 16. h3 Qxb3 17. Qd1 Qxd1 18. Rfxd1 Bb7 19. Kh2 Be7 20. Rac1 O-O 21. Nc7
Rac8 22. Nxa6 Bxa6 23. Nc6 Bd6+ 24. g3 b3 25. Bb4 b2 26. Rc2 Bxb4 27. Rxb2 Ba3
28. Rc2 Rfe8 29. Ra1 Bd3 30. Rc3 Bb4 31. Nxb4 Rxc3 32. Rd1 Be4 33. h4 Ra3 34.
Nc6 Ng4+ 35. Kh3 Nxf2+ 36. Kh2 Nxd1 37. Nxa7 Nxe3 38. Nb5 Ra2+ 39. Kh3 Bf5+ 40.
g4 Bxg4+ 41. Kg3 Rxa4 42. Kf4 Rb8 43. Nc3 Ng2+ 44. Kxg4 Rxd4+ 45. Kh3 Rb3 46.
Kh2 Rxc3 47. h5 Rd2 48. h6 1-0

[Event "Challenge"]
[Site "http://www.queenalice.com/game.php?id=895696"]
[Date "2011.2.4"]
[Round "-"]
[White "User0815"]
[Black "augustoluizheck"]
[Result "1-0"]
[WhiteElo "1647"]
[BlackElo "1484"]

1. e3 e5 2. Nf3 Nc6 3. e4 b6 4. g3 Bb7 5. d3 Nf6 6. Bh3 Bc5 7. Be3 Bxe3 8. fxe3
d5 9. exd5 Nxd5 10. e4 Nf6 11. O-O O-O 12. Nbd2 Qe7 13. c3 Rad8 14. Qe2 Rd6 15.
Nc4 Rdd8 16. Rad1 Qc5+ 17. Rf2 Ne7 18. Ncxe5 Bxe4 19. dxe4 Rxd1+ 20. Qxd1 Nxe4
21. Qe2 Nxf2 22. Qxf2 Qxf2+ 23. Kxf2 Rd8 24. Ng5 Rd2+ 25. Ke3 Rxb2 26. Ngxf7
Rxh2 27. Be6 Kf8 28. a4 Rh5 29. Nd7+ Ke8 30. Nfe5 Rh6 31. Bf7+ Kd8 32. Nf8 Nf5+
33. Kf4 Rf6 34. Nxh7 Rxf7 35. Nxf7+ 1-0

[Event "Challenge"]
[Site "http://www.queenalice.com/game.php?id=904858"]
[Date "2011.2.24"]
[Round "-"]
[White "User0815"]
[Black "Urko"]
[Result "1-0"]
[WhiteElo "1667"]
[BlackElo "1662"]

1. c4 e5 2. e3 a6 3. d4 e4 4. Nc3 Nf6 5. Nge2 Bb4 6. Bd2 Bxc3 7. Nxc3 b6 8. Qb1
Qe7 9. Be2 Bb7 10. O-O d6 11. b4 c6 12. Na4 Nbd7 13. c5 b5 14. cxd6 Qxd6 15. Nc5
Nxc5 16. bxc5 Qd5 17. Qb3 h5 18. Qxd5 cxd5 19. a4 O-O 20. axb5 axb5 21. Bxb5
Rfc8 22. Ba4 Ra6 23. Rfb1 Bc6 24. Bxc6 Raxc6 25. Ra7 Ne8 26. Rbb7 f6 27. f3 f5
28. Be1 g5 29. Bg3 Re6 30. fxe4 Rxe4 31. Bf2 f4 32. exf4 Rxf4 33. Be3 Rf5 34.
Re7 g4 35. Bf2 Rg5 36. Rf7 Rg7 37. Rfd7 Kh7 38. Bg3 Kg6 39. Be5 Rxd7 40. Rxd7
Kf5 41. Rf7+ Ke6 42. Rh7 Nf6 43. Rh6 Rf8 44. g3 Kf5 45. Bxf6 Rxf6 46. Rxf6+ Kxf6
47. Kf2 Ke7 48. Kg2 Kd7 49. Kf2 Kc6 50. Ke3 Kb5 51. Kf4 Kc4 52. Ke5 1-0

[Event "Challenge"]
[Site "http://www.queenalice.com/game.php?id=909353"]
[Date "2011.3.6"]
[Round "-"]
[White "User0815"]
[Black "josemsm"]
[Result "1-0"]
[WhiteElo "1656"]
[BlackElo "1683"]

1. c4 g6 2. d4 e5 3. dxe5 Bg7 4. Nf3 c6 5. Bg5 f6 6. Bf4 fxe5 7. Nxe5 Bxe5 8.
Bxe5 Qa5+ 9. Bc3 Qf5 10. Bxh8 Nf6 11. Bg7 Qg5 12. Nc3 Kf7 13. Bxf6 Qxf6 14. Ne4
Qxb2 15. Rb1 Qxa2 16. Nc3 Qxc4 17. Rc1 Qb4 18. h4 d5 19. h5 d4 20. Qa4 Qb2 21.
Qc4+ Be6 22. hxg6+ hxg6 23. Nd1 Bxc4 24. Nxb2 Bd5 25. Rh7+ Kf6 26. Rxb7 Na6 27.
Ra1 c5 28. Rxa6+ Ke5 29. Re7+ Kf5 30. e4+ Bxe4 31. Bd3 Bxd3 32. Nxd3 c4 33. g4+
Kg5 34. Ne5 c3 35. Rxg6+ Kf4 36. Rd6 c2 37. Rxd4+ Kg5 38. f4+ Kf6 39. Rc7 c1=Q+
40. Rxc1 Rh8 41. Rc6+ Ke7 42. Rd7+ Ke8 43. Rc8# 1-0